000 00321nam a2200133 i 4500
001 bg
100 1 _aROSTOCKI, W.
245 0 _aPytania drażliwe w wywiadzie socjologicznym /
_cW. Rostocki.
260 _aWarszawa,
_c1976.
040 _cBPK
041 _apol
942 _cKS
008 s pl f |000 0 pol
999 _c21668
_d21668
856 _uhttp://koha.tu.koszalin.pl/cgi-bin/koha/opac-detail.pl?biblionumber=21668
_yKatalog online BPK